Catálogo
 En Linea

Yerma : (Registro nro. 21417)

Detalles MARC
000 -CABECERA
campo de control de longitud fija 00685nam a2200229 a 4500
001 - NÚMERO DE CONTROL
campo de control 000021919
005 - FECHA Y HORA DE LA ÚLTIMA TRANSACCIÓN
campo de control 20210409114021.0
008 - DATOS DE LONGITUD FIJA--INFORMACIÓN GENERAL
campo de control de longitud fija 100914s1994 sp 000 d spa d
020 ## - NÚMERO INTERNACIONAL ESTÁNDAR DEL LIBRO
Número Internacional Estándar del Libro 8420646172
040 ## - FUENTE DE LA CATALOGACIÓN
Centro catalogador/agencia de origen DO-SdBNP
Lengua de catalogación spa
Centro/agencia transcriptor BNPHU
082 ## - NÚMERO DE LA CLASIFICACIÓN DECIMAL DEWEY
Número de clasificación 862.62
Número de documento/Ítem G216ye
049 ## - FONDOS LOCALES (OCLC)
Fondos de biblioteca BNGR
100 ## - ENTRADA PRINCIPAL--NOMBRE DE PERSONA
Nombre de persona García Lorca, Federico,
Fechas asociadas al nombre 1898-1936
9 (RLIN) 14727
245 10 - MENCIÓN DE TÍTULO
Título Yerma :
Resto del título poema trágico /
Mención de responsabilidad, etc. Federico García Lorca.
260 ## - PUBLICACIÓN, DISTRIBUCIÓN, ETC.
Lugar de publicación, distribución, etc. Madrid :
Nombre del editor, distribuidor, etc. Alianza,
Fecha de publicación, distribución, etc. 1994.
300 ## - DESCRIPCIÓN FÍSICA
Extensión 93 p. ;
Dimensiones 15 cm.
490 1# - MENCIÓN DE SERIE
Mención de serie Alianza cien. Textos completos
Designación de volumen o secuencia 17
650 #4 - PUNTO DE ACCESO ADICIONAL DE MATERIA--TÉRMINO DE MATERIA
Término de materia o nombre geográfico como elemento de entrada Teatro español
9 (RLIN) 3071
650 #4 - PUNTO DE ACCESO ADICIONAL DE MATERIA--TÉRMINO DE MATERIA
Término de materia o nombre geográfico como elemento de entrada Literatura española
9 (RLIN) 632
830 #0 - PUNTO DE ACCESO ADICIONAL DE SERIE-TÍTULO UNIFORME
Título uniforme Alianza Cien.
Nombre de parte o sección de la obra Textos completos;
Designación de volumen o secuencia 17
9 (RLIN) 45488
910 ## - DATOS DE OPCIÓN DEL USUARIO (OCLC)
Datos de opción del usuario WM
Existencias
Estado de retiro Estado de pérdida Restricciones de uso No para préstamo Código de colección Localización permanente Ubicación/localización actual Ubicación en estantería Fecha de adquisición Número de inventario Total de préstamos Signatura topográfica completa Código de barras Fecha visto por última vez Precio válido a partir de Tipo de ítem Koha
        Monografías: Libros y Folletos General General Depósito 14.09.2010 LF1   862.62 G216ye 21919-10 25.06.2020 25.06.2020 Préstamo en sala

Con tecnología Koha